Top 20 Most Populated Cities in the World - Statistics

General Stats
  • This quiz has been taken 19 times
  • The average score is 12 of 20
Answer Stats
Continent Answer % Correct
Asia Shanghai
95%
Asia Tokyo
89%
Asia Delhi
84%
Asia Mumbai
84%
Asia Beijing
79%
Africa Cairo
79%
South America Sao Paulo
79%
Asia/Europe Istanbul
74%
Asia Kolkata
63%
Asia Seoul
63%
Asia Hong Kong
58%
Asia Jakarta
58%
Asia Karachi
58%
Africa Lagos
58%
Asia Osaka
58%
Asia Bangkok
53%
Asia Chennai
42%
Asia Nagoya
21%
Asia Kyoto
5%
South America Rio De Janerio
0%
No matching quizzes found
Score Distribution
Percent of People with Each Score
Percentile by Number Answered
Your Score History
You have not taken this quiz